000 00420nam a22001337a 4500
999 _c121926
_d121926
005 20210413113147.0
008 210413b ||||| |||| 00| 0 eng d
040 _cPK-LaUMT
082 _aRHC 320.947
_bQAU-
245 _aQaumi azadi ki tahreek ka haqeeqi maawan = قومی آزادی کی تحریک کا حقیقی معاون /
260 _aLahore :
_bPeoples Publishing House,
_cNA
300 _a91 p.
942 _cBK